=LDR 00000nam 2200000 4500 =001 INLIS000000000019332 =005 20130612114415 =008 ***********************************Ind** =035 ##$$0010-061300000019332 =041 ##$$a Ind =082 ##$$a 005.8 =090 ##$$a 005.8, Uto p =100 ##$$a Utdirartatmu, Firrar =245 ##$$a Pengolahan dan penyematan pantisi hardisk dengan sistem resene CD, Firraar Utdirartomo =260 ##$$a 2005 $b Yogyakarta =300 ##$$a vii, 96 hlm, ilus, 21 cm =650 ##$$a Komputer pedoman =850 ##$$a NBPNMAT